000 01580cam a2200445 4500
999 _c24060
_d24060
001 vtls012004424
005 20251113122232.0
008 230501s2020 xo gr 000 f slo
020 _a9788022210621
_q(viazané)
035 _aurn:nbn:sk:snk-am00ijfg
035 _a96A38AB5-6ADD-49DB-B8EC-E502E5F30C28
040 _aSNK
_bslo
_cSNK
_erda
041 1 _aslo
_heng
044 _axo
_cSK
072 7 _a821.111-3
_xAnglická próza, anglicky písaná
_2konspekt
080 _a821.111(415)-31
_22011
080 _a(0:82-311.6)
_22011
080 _a(0:82-312.5)
_22011
100 1 _aRiley, Lucinda,
_d1965-2021
_4aut
_95297
240 1 4 _aThe moon sister
_lSlovensky
245 1 0 _aMesačná sestra
_bpríbeh Tiggy
_cLucinda Rileyová ; z anglického originálu The Moon Sister ... preložila Mária Kočanová
246 3 0 _aPríbeh Tiggy
250 _aVydanie I.
264 1 _aBratislava
_bTatran
_c2020
300 _a541 strán
_c24 cm
336 _atext
_btxt
_2rdacontent
337 _abez média
_bn
_2rdamedia
338 _azväzok
_bnc
_2rdacarrier
500 _aObsahuje biografické údaje o autorke na záložke prebalu publikácie
655 7 _aírske romány (anglicky)
_2SNKPH
_92550
655 7 _ahistorické romány
_2SNKPH
_91688
655 7 _aľúbostné romány
_2SNKPH
_913
655 7 _aIrish fiction (English)
_2SNKPHeng
_92551
655 7 _aHistorical novels
_2SNKPHeng
_91689
655 7 _aLove novels
_2SNKPHeng
_91667
700 1 _aKočanová, Mária,
_d1955-
_4trl
_92151
958 _aLX
958 _aUP